The naked truth : (Record no. 12854)

000 -LEADER
fixed length control field 00948pam a22002774a 4500
020 ## - INTERNATIONAL STANDARD BOOK NUMBER
ISBN 078797143X
040 ## - CATALOGING SOURCE
Transcribing agency DLC
082 00 - DEWEY DECIMAL CLASSIFICATION NUMBER
Classification number 658 JOS 2004 A042 Or.
100 1# - MAIN ENTRY--AUTHOR NAME
Personal name Heffernan, Margaret,
245 14 - TITLE STATEMENT
Title The naked truth :
Remainder of title a working woman's manifesto on business and what really matters /
246 30 - VARYING FORM OF TITLE
Title proper/short title Working woman's manifesto on business and what really matters
250 ## - EDITION STATEMENT
Edition statement 1st ed.
260 ## - PUBLICATION, DISTRIBUTION, ETC. (IMPRINT)
Place of publication San Francisco, CA :
Name of publisher Jossey-Bass,
Year of publication c2004.
300 ## - PHYSICAL DESCRIPTION
Number of Pages xvi, 262 p. ;
Dimensions 24 cm.
650 #0 - SUBJECT ADDED ENTRY--TOPICAL TERM
Topical Term Women executives
650 #0 - SUBJECT ADDED ENTRY--TOPICAL TERM
Topical Term Businesswomen
650 #0 - SUBJECT ADDED ENTRY--TOPICAL TERM
Topical Term Women employees
650 #0 - SUBJECT ADDED ENTRY--TOPICAL TERM
Topical Term Achievement motivation in women.
650 #0 - SUBJECT ADDED ENTRY--TOPICAL TERM
Topical Term Success
650 #0 - SUBJECT ADDED ENTRY--TOPICAL TERM
Topical Term Ability.
650 #0 - SUBJECT ADDED ENTRY--TOPICAL TERM
Topical Term Success in business.
856 42 - ELECTRONIC LOCATION AND ACCESS
Uniform Resource Identifier http://www.loc.gov/catdir/description/wiley042/2004007900.html
856 42 - ELECTRONIC LOCATION AND ACCESS
Uniform Resource Identifier http://www.loc.gov/catdir/bios/wiley047/2004007900.html
856 41 - ELECTRONIC LOCATION AND ACCESS
Uniform Resource Identifier http://www.loc.gov/catdir/toc/ecip0416/2004007900.html
942 ## - ADDED ENTRY ELEMENTS (KOHA)
Koha item type សៀវភៅភាសាអង់គ្លេស
952 ## - LOCATION AND ITEM INFORMATION (KOHA)
Withdrawn status [LOCAL, KOHA] 0
Holdings
Permanent Location Date acquired Koha item type Lost status Shelving location Barcode Current Location Full call number
Library Block A2017-08-17សៀវភៅភាសាអង់គ្លេស A049A19955Library Block A658 JOS 2004 A049 Or.
មជ្ឈមណ្ឌលឯការនៃសាកលវិទ្យាល័យភូមិន្ទកសិកម្មចំការដូង

Powered by Koha